zpět

Detail výsledku týmu

The Pub Praha 2 PO, Praha

Datum a čas kvízu

38 Celkem bodů Celkový počet nahraných bodů na tomto kvízu bez doplňovacích otázek.
1. Pořadí na kvízu Konečné umístění týmu na tomto kvízu.

Zaznamenané odpovědi

# Otázka Odpověď Body Výsledky
1. Minulý týden připravili pracov... D) šaliny 0
2. Konverzační robot umělé inteli... Adolfa Hitlera 1
3. Slavná polská režisérka Agnies... Franz 0
4. Nedávno jsme se zmiňovali o ak... moa, Nový Zéland 0.5
5. V pátek se v Monaku konal dalš... skok vysoký 1
6. Chcete-li vidět něco, co velmi... Moravská Sahara 1
7. Rejvíz je národní přírodní rez... A) Jeseníků 1
8. Chráněná krajinná oblast Pálav... Pavlovské vrchy, Nové Mlýny (Novomlýnská nádrž) 0
9. Nyní se podíváme na nejdelší j... Koněpruské jeskyně 1
10. Zde vidíme výhled z rozhledny... Králický Sněžník 0